000
00267nam a22000977a 4500
008
240404b |||||||| |||| 00| 0 eng d
020
_a
9789383299546
100
_a
DICKENS CHARLES
_9
2531
245
_a
A CHRISTMAS CAROL
260
_a
NEW DELHI
_b
LITTLE SCHOLARZ PVT LTD
_c
2022
999
_c
12550
_d
12550